[Event "Kalamazoo (MI Am/4/33)"]
[Site "?"]
[Date "1997.??.??"]
[Round "?"]
[White "Dezerne, T."]
[Black "Kizer, Gerald"]
[Result "0-1"]
[WhiteElo "1605"]
[BlackElo "1605"]
[PlyCount "76"]
[EventDate "1997.??.??"]

{4/(33)} 1. e3 d5 2. Nc3 Nf6 3. g3 e5 4. Bg2 Be6 5. Qe2 c6 6. d4 e4 7. Bd2 Be7
8. O-O-O O-O 9. Nh3 h6 10. Nf4 Bd7 11. f3 g5 12. Bh3 exf3 13. Qxf3 g4 14. Qe2
gxh3 15. e4 Bg4 16. Qe1 dxe4 17. Nfe2 Bf3 18. Rg1 Ng4 19. Bf4 Qa5 20. Qd2 Bg5
21. Rde1 f6 22. d5 cxd5 23. Qxd5+ Qxd5 24. Nxd5 Nc6 25. Bxg5 hxg5 26. Nec3 f5
27. Nb5 Nce5 28. Ne7+ Kh7 29. Nd6 Nh6 30. g4 Nexg4 31. Rg3 f4 32. Rxh3 Nf2 33.
Rxh6+ Kxh6 34. Rf1 e3 35. h4 g4 36. Nef5+ Rxf5 37. Nxf5+ Kh7 38. h5 Rd8 0-1

[Event "Kalamazoo (MI Am/5/32)"]
[Site "?"]
[Date "1997.??.??"]
[Round "?"]
[White "Demott, K."]
[Black "Jaynes, A."]
[Result "1-0"]
[WhiteElo "1605"]
[BlackElo "1605"]
[PlyCount "63"]
[EventDate "1997.??.??"]

{5/(32)} 1. e4 e6 2. d4 d5 3. exd5 exd5 4. Nc3 Be7 5. Bd3 a6 6. Nf3 Nc6 7. h3
h6 8. O-O Bf6 9. Re1+ Nge7 10. Be2 Nf5 11. Bb5+ Be6 12. Bxc6+ bxc6 13. Bf4 Qe7
14. a3 c5 15. dxc5 Qxc5 16. Be5 Bxe5 17. Nxe5 O-O 18. Qd2 a5 19. Nd3 Qc6 20.
Nf4 d4 21. Nxe6 Nh4 22. Nf4 g5 23. Nfd5 dxc3 24. bxc3 Rfd8 25. Rad1 Rd6 26.
Ne7+ Kf8 27. Nxc6 Rxd2 28. Rxd2 a4 29. Rd8+ Rxd8 30. Nxd8 Kg7 31. Nc6 f5 32.
Re7+ 1-0

[Event "Kalamazoo (MI Am/1/26)"]
[Site "?"]
[Date "1997.??.??"]
[Round "?"]
[White "Demott, K."]
[Black "Griffin, John"]
[Result "1-0"]
[WhiteElo "1605"]
[BlackElo "1605"]
[PlyCount "139"]
[EventDate "1997.??.??"]

{1/(26)} 1. e4 c5 2. Nf3 Nc6 3. d4 cxd4 4. Nxd4 Nf6 5. Nxc6 bxc6 6. Nc3 d6 7.
Be2 e6 8. e5 Nd5 9. Nxd5 exd5 10. exd6 Qxd6 11. Be3 Be7 12. Qd2 Qb4 13. c3 Qa5
14. O-O Qc7 15. Bf4 Bd6 16. Bxd6 Qxd6 17. Qd4 O-O 18. Rfe1 c5 19. Qe3 Bb7 20.
Bd3 Qc6 21. Qh3 g6 22. Re3 Rae8 23. Rae1 Rxe3 24. Rxe3 Re8 25. Rxe8+ Qxe8 26.
Qe3 Qd7 27. Qxc5 Qg4 28. Qxa7 Bc8 29. f3 Qe6 30. Kf2 Kg7 31. Qe3 Qd6 32. f4 Qd8
33. Qd4+ f6 34. c4 Qa5 35. a3 Qd2+ 36. Kg3 Qd1 37. cxd5 Qg4+ 38. Kf2 Qd1 39.
Qe3 Qg4 40. Qe7+ Kg8 41. Qxf6 Bf5 42. Bxf5 Qxf4+ 43. Ke2 gxf5 44. Qe6+ Kg7 45.
g3 Qc4+ 46. Ke3 Qc1+ 47. Kd3 Qd1+ 48. Kc3 Qc1+ 49. Kb3 Qb1 50. Qe5+ Kg6 51. Qd4
Qf1 52. d6 Qb5+ 53. Ka2 Qd7 54. h3 Qe6+ 55. Kb1 Qe1+ 56. Kc2 Qe2+ 57. Kc3 Qf3+
58. Kc4 Qc6+ 59. Qc5 Qa6+ 60. Kd5 Qa8+ 61. Qc6 Qa5+ 62. Ke6 Qe1+ 63. Kd5 Qe4+
64. Kc5 Qe3+ 65. Kb5 Qb3+ 66. Ka6 Qd3+ 67. Kb7 Qb3+ 68. Kc7 Qxg3 69. Kc8 Qe5
70. d7+ 1-0

[Event "Kalamazoo (MI Am/4/4)"]
[Site "?"]
[Date "1997.??.??"]
[Round "?"]
[White "DeRyke, S."]
[Black "Skidmore, Mike"]
[Result "1/2-1/2"]
[WhiteElo "1800"]
[BlackElo "1950"]
[PlyCount "132"]
[EventDate "1997.??.??"]

{4/(4)} 1. e4 c6 2. d4 d5 3. Nc3 dxe4 4. Nxe4 Bf5 5. Ng3 Bg6 6. Nf3 e6 7. Bg5
Nf6 8. Ne5 Be7 9. Nxg6 hxg6 10. h3 Nbd7 11. Bd3 Qa5+ 12. Bd2 Qd5 13. Qf3 Qxd4
14. Bc3 Qb6 15. a3 O-O-O 16. b4 Rh4 17. O-O Bd6 18. Bd2 Ne5 19. Qe3 Nd5 20.
Qxb6 Nxb6 21. Bg5 Rhh8 22. Bxd8 Rxd8 23. Be2 Nd5 24. c4 Nc3 25. Rac1 Nxe2+ 26.
Nxe2 Nd3 27. Rcd1 Be5 28. b5 c5 29. f4 Bc7 30. Rf3 Nb2 31. Rxd8+ Kxd8 32. Rc3
Na4 33. Rc2 Nb6 34. Kf2 Ke7 35. Kf3 Nc8 36. Nc3 Nd6 37. Ne4 Nf5 38. Rc1 Nd4+
39. Ke3 b6 40. g3 e5 41. fxe5 Bxe5 42. Kf2 f5 43. Ng5 Bxg3+ 44. Kg2 Bf4 45.
Re1+ Kf6 46. h4 Bxg5 47. hxg5+ Kxg5 48. Re7 Nc2 49. Rxa7 Ne3+ 50. Kf3 Nxc4 51.
Ra6 f4 52. a4 Kf5 53. a5 bxa5 54. b6 Ne5+ 55. Kf2 Nd7 56. b7 Ke5 57. Ra8 Kd6
58. Rd8 Kc7 59. Rxd7+ Kb8 60. Kf3 g5 61. Rxg7 a4 62. Rxg5 Kxb7 63. Rxc5 Kb6 64.
Rc1 Kb5 65. Rb1+ Kc4 66. Kxf4 a3 1/2-1/2

[Event "Kalamazoo (MI Am/2/13)"]
[Site "?"]
[Date "1997.??.??"]
[Round "?"]
[White "DeRyke, S."]
[Black "Rodriguez, M."]
[Result "1-0"]
[WhiteElo "1800"]
[BlackElo "1605"]
[PlyCount "99"]
[EventDate "1997.??.??"]

{2/(13)} 1. e4 c5 2. Nf3 d6 3. d4 cxd4 4. Nxd4 Nf6 5. Nc3 g6 6. f3 Bg7 7. Be3
O-O 8. Bc4 Nc6 9. Qd2 Bd7 10. O-O a6 11. Nce2 Ne5 12. Bb3 Rc8 13. Bh6 Nc4 14.
Bxc4 Rxc4 15. Bxg7 Kxg7 16. Kh1 Qb6 17. b3 Rcc8 18. c4 Rfd8 19. Qc3 Kg8 20. Qd2
Bc6 21. Nc3 e6 22. Nc2 d5 23. cxd5 exd5 24. e5 Ne8 25. Nd4 Ng7 26. Nce2 Qc7 27.
f4 Ne6 28. Nxe6 fxe6 29. Nd4 Qe7 30. Rac1 Bb5 31. Rxc8 Rxc8 32. Rc1 Rxc1+ 33.
Qxc1 Kf7 34. Qc8 Be8 35. a4 Qd7 36. Qxd7+ Bxd7 37. g4 Ke7 38. Kg2 Be8 39. g5
Bd7 40. Kf3 Kd8 41. Ke3 Kc7 42. a5 b6 43. b4 bxa5 44. bxa5 Kd8 45. Kd2 Ke7 46.
Kc3 Kd8 47. Kb4 Kc7 48. Kc5 Bc8 49. Nc2 Bb7 50. Ne3 1-0

[Event "Lansing (MOR/6/40)"]
[Site "?"]
[Date "1997.??.??"]
[Round "?"]
[White "Davis, T."]
[Black "Walls, R."]
[Result "0-1"]
[WhiteElo "1605"]
[BlackElo "1605"]
[PlyCount "92"]
[EventDate "1997.??.??"]

{6/(40)} 1. d4 Nf6 2. Bg5 Ne4 3. Bf4 h6 4. f3 Nf6 5. e4 e6 6. Bd3 Bb4+ 7. c3
Be7 8. Nd2 O-O 9. Ne2 d5 10. e5 Nfd7 11. O-O c5 12. Bb1 Nc6 13. Qc2 f5 14. exf6
Nxf6 15. Be5 Bd6 16. Bxf6 Qxf6 17. dxc5 Bxc5+ 18. Kh1 Bd6 19. g3 e5 20. Qg6 Be6
21. Qxf6 Rxf6 22. f4 e4 23. c4 e3 24. cxd5 Bxd5+ 25. Be4 Ne7 26. Bxd5+ Nxd5 27.
Ne4 Re6 28. Nxd6 Rxd6 29. Rad1 Rad8 30. Rd3 Kf7 31. Rfd1 Kf6 32. Nc3 Ke6 33.
Nxd5 Rxd5 34. Rxd5 Rxd5 35. Rxd5 Kxd5 36. Kg1 Kd4 37. Kf1 Kd3 38. Ke1 Ke4 39.
Ke2 g6 40. a3 b5 41. b3 a5 42. Ke1 Kf3 43. Kf1 h5 44. h4 Kxg3 45. Ke2 Kxf4 46.
Kf1 Kf3 0-1

[Event "Lansing (MOR/1b/20)"]
[Site "?"]
[Date "1997.??.??"]
[Round "?"]
[White "Davis, T."]
[Black "James, Larry"]
[Result "0-1"]
[WhiteElo "1605"]
[BlackElo "1605"]
[PlyCount "88"]
[EventDate "1997.??.??"]

1. d4 Nf6 2. Bg5 e6 3. e4 h6 4. Bxf6 Qxf6 5. e5 Qg6 6. Nf3 d5 7. Qd3 Qxd3 8.
Bxd3 c5 9. c4 dxc4 10. Bxc4 cxd4 11. Nxd4 Bb4+ 12. Nc3 a6 13. O-O Bxc3 14. bxc3
Bd7 15. Rab1 b5 16. Bd3 Nc6 17. Be4 Rc8 18. Rbc1 Nxe5 19. f4 Nc4 20. f5 e5 21.
Ne2 f6 22. Ng3 Nd2 23. Rf2 Nxe4 24. Nxe4 Ke7 25. Ng3 Be8 26. Rd2 Bf7 27. a3
Rhd8 28. Rxd8 Rxd8 29. Ne4 Rd5 30. Nf2 Rd2 31. Rb1 Ra2 32. Ne4 Bd5 33. Nf2 Rxa3
34. Rd1 Bc4 35. Ne4 a5 36. Kf2 Ra2+ 37. Rd2 Rxd2+ 38. Nxd2 a4 39. Nb1 Kd6 40.
Ke3 Kd5 41. Kd2 Bf1 42. g3 Bh3 43. Ke3 Bxf5 44. Na3 Kc5 0-1

[Event "Lansing (MOR/3/42)"]
[Site "?"]
[Date "1997.??.??"]
[Round "?"]
[White "Davis, T."]
[Black "Aguilar, Javier"]
[Result "1/2-1/2"]
[WhiteElo "1605"]
[BlackElo "1605"]
[PlyCount "85"]
[EventDate "1997.??.??"]

{3/(42)} 1. d4 d5 2. c4 c6 3. Nc3 Nf6 4. Bg5 g6 5. e3 Bg7 6. Bd3 O-O 7. Nf3 Re8
8. O-O Qc7 9. Re1 Nbd7 10. c5 e5 11. e4 dxe4 12. Nxe4 Nxe4 13. Rxe4 f5 14. Bc4+
Kf8 15. Re2 e4 16. Nd2 Nf6 17. b4 b5 18. cxb6 axb6 19. f3 b5 20. Bb3 e3 21.
Rxe3 Rxe3 22. Bxe3 Nd5 23. Bxd5 cxd5 24. Nb3 Ra4 25. a3 Qc3 26. Bd2 Bxd4+ 27.
Nxd4 Qxd4+ 28. Kh1 Qf2 29. g3 Bb7 30. Qc1 Qb6 31. Bf4 d4 32. Kg2 Qc6 33. Qxc6
Bxc6 34. Be5 d3 35. Bc3 Bd5 36. Kf2 Bc4 37. Bd2 Ra8 38. f4 h5 39. h4 Re8 40.
Re1 Re2+ 41. Rxe2 dxe2 42. Be1 Ke7 43. Ke3 1/2-1/2

[Event "Michigan Team"]
[Site "Ann Arbor, MI"]
[Date "1997.??.??"]
[Round "2.21"]
[White "Czuhai, Kevin"]
[Black "Kamberi, Sonny"]
[Result "0-1"]
[WhiteElo "2245"]
[BlackElo "2275"]
[PlyCount "94"]
[EventDate "1997.??.??"]

{2/2} 1. e4 e5 2. Bc4 Nf6 3. Nf3 Nxe4 4. Nc3 Nc6 5. Qe2 Nxc3 6. dxc3 Be7 7.
Nxe5 O-O 8. O-O Nxe5 9. Qxe5 Bf6 10. Qg3 d5 11. Bd3 Be6 12. Bf4 c6 13. Rfe1 Re8
14. Bc7 Qd7 15. Be5 Bxe5 16. Rxe5 f6 17. Re3 Bf5 18. Rae1 Bxd3 19. cxd3 Rxe3
20. Qxe3 Kf7 21. Kf1 b6 22. Qf3 Kf8 23. b4 Re8 24. Rxe8+ Qxe8 25. Qf5 h6 26. b5
Kf7 27. Qh5+ Ke7 28. Qe2+ Kf7 29. Qh5+ Ke7 30. Qe2+ Kf8 31. Qxe8+ Kxe8 32. bxc6
Kd8 33. Ke2 Kc7 34. Ke3 Kxc6 35. Kd4 b5 36. f3 a5 37. h4 g6 38. g4 Kd6 39. a3
Kc6 40. f4 g5 41. fxg5 fxg5 42. hxg5 hxg5 43. Ke3 Kc5 44. Kd2 d4 45. Kc2 dxc3
46. Kxc3 Kd5 47. d4 Ke4 0-1

[Event "Michigan Team"]
[Site "Ann Arbor, MI"]
[Date "1997.??.??"]
[Round "1.21"]
[White "Czuhai, Kevin"]
[Black "Goerke, Jesse"]
[Result "1-0"]
[WhiteElo "2245"]
[BlackElo "1605"]
[PlyCount "95"]
[EventDate "1997.??.??"]

{1/2} 1. e4 e5 2. d4 Nc6 3. Nf3 Bb4+ 4. c3 Bd6 5. Bc4 Nf6 6. O-O O-O 7. Bg5 Be7
8. dxe5 Nxe4 9. Bf4 d6 10. exd6 Bxd6 11. Bxd6 Nxd6 12. Bd3 Bg4 13. h3 Bh5 14.
Nbd2 Ne5 15. Be2 Re8 16. Nxe5 Bxe2 17. Qxe2 f6 18. f4 Qe7 19. Ndc4 fxe5 20.
Nxe5 b5 21. Qf3 Nc4 22. Nxc4 Qc5+ 23. Kh1 Qxc4 24. b3 Qc5 25. Rae1 Rad8 26. Kh2
Re7 27. Rxe7 Qxe7 28. Rd1 Qf6 29. Rxd8+ Qxd8 30. Qc6 Qd6 31. Qxd6 cxd6 32. Kg3
Kf7 33. Kf3 Ke6 34. Ke4 d5+ 35. Kd4 a6 36. g4 h6 37. f5+ Kd6 38. b4 Kc6 39. Ke5
d4 40. cxd4 a5 41. d5+ Kd7 42. bxa5 h5 43. a6 hxg4 44. a7 gxh3 45. a8=Q h2 46.
Qb7+ Kd8 47. Kd6 h1=Q 48. Qd7# 1-0

[Event "Lansing (MOR/5/24)"]
[Site "?"]
[Date "1997.??.??"]
[Round "?"]
[White "Crysler, Jerry"]
[Black "Smith, Robert"]
[Result "0-1"]
[WhiteElo "1605"]
[BlackElo "1605"]
[PlyCount "76"]
[EventDate "1997.??.??"]

{5/(24)} 1. Nf3 Nf6 2. c4 e6 3. g3 b6 4. Bg2 Bb7 5. b3 Be7 6. Bb2 O-O 7. O-O c5
8. Qc2 d5 9. Ng5 h6 10. Bxf6 hxg5 11. Bxe7 Qxe7 12. cxd5 exd5 13. d3 d4 14.
Bxb7 Qxb7 15. Nd2 Nc6 16. Ne4 Qe7 17. Qd2 f6 18. f4 g4 19. a3 Kf7 20. f5 Rh8
21. Rf4 Ne5 22. Raf1 Rh5 23. Nf2 Rah8 24. Nxg4 Nxg4 25. Rxg4 Rxh2 26. Rh4 R8xh4
27. gxh4 Rxh4 28. Rf3 Qe5 29. e4 dxe3 30. Qxe3 Rg4+ 31. Kf1 Qa1+ 32. Qe1 Rg1+
33. Kxg1 Qxe1+ 34. Kg2 Qc3 35. b4 cxb4 36. axb4 Qxb4 37. Kf2 Qd2+ 38. Kg3 b5
0-1

[Event "Lansing (MOR/4/40)"]
[Site "?"]
[Date "1997.??.??"]
[Round "?"]
[White "Crysler, Jerry"]
[Black "Smalec, Joseph"]
[Result "1-0"]
[WhiteElo "1605"]
[BlackElo "1605"]
[PlyCount "37"]
[EventDate "1997.??.??"]

{4/(40)} 1. Nf3 d5 2. c4 dxc4 3. Na3 Nf6 4. Nxc4 Nc6 5. g3 Bg4 6. Bg2 e6 7. O-O
Bc5 8. Nfe5 Nxe5 9. Nxe5 Qd4 10. Bxb7 Bh3 11. Bc6+ Kf8 12. Nf3 Qd6 13. Bxa8
Bxf1 14. Kxf1 Ke7 15. d4 Rxa8 16. Bf4 Qb6 17. dxc5 Qxc5 18. Rc1 Qb6 19. Rxc7+
1-0

[Event "Lansing (MOR/7/28)"]
[Site "?"]
[Date "1997.??.??"]
[Round "?"]
[White "Crysler, Jerry"]
[Black "Jackson, T."]
[Result "0-1"]
[WhiteElo "1605"]
[BlackElo "1605"]
[PlyCount "119"]
[EventDate "1997.??.??"]

{7/(28)} 1. Nf3 d5 2. c4 Nf6 3. cxd5 Nxd5 4. g3 e6 5. Bg2 Bd6 6. O-O Bd7 7. Nc3
Bc6 8. Ne4 Nd7 9. Nxd6+ cxd6 10. b3 N5f6 11. Bb2 Nf8 12. e3 Ng6 13. d3 h5 14.
e4 h4 15. Ng5 hxg3 16. hxg3 Qd7 17. Bxf6 gxf6 18. Nf3 d5 19. Nd4 dxe4 20. Nxc6
bxc6 21. Bxe4 Ne5 22. Rc1 Rg8 23. d4 Rg4 24. Bxc6 Nxc6 25. Qxg4 Ke7 26. Rcd1
Qd5 27. f3 Rd8 28. Rf2 Ne5 29. dxe5 Qxd1+ 30. Kg2 fxe5 31. Qg5+ f6 32. Qg7+ Kd6
33. Qxf6 Rc8 34. Qg5 Qa1 35. Rd2+ Kc7 36. Qe7+ Kb8 37. Qxe6 Rh8 38. Qd6+ Ka8
39. Qd5+ Kb8 40. Qb5+ Ka8 41. Qf1 Rh2+ 42. Kxh2 Qxf1 43. Rd8+ Kb7 44. Rf8 Qf2+
45. Kh3 e4 46. f4 e3 47. Rf7+ Kc6 48. Rxa7 e2 49. Ra6+ Kb5 50. Re6 e1=Q 51.
Rxe1 Qxe1 52. Kh4 Qh1+ 53. Kg5 Kc6 54. g4 Kd6 55. Kg6 Qb1+ 56. f5 Ke7 57. g5
Kf8 58. Kf6 Qxa2 59. g6 Qa6+ 60. Kg5 0-1

[Event "Michigan Senior"]
[Site "Ann Arbor, MI"]
[Date "1997.??.??"]
[Round "2.12"]
[White "Crysler, Jerry"]
[Black "Foord, Allan"]
[Result "0-1"]
[WhiteElo "1605"]
[BlackElo "1605"]
[PlyCount "84"]
[EventDate "1997.??.??"]

{2/(12)} 1. Nf3 Nf6 2. c4 g6 3. g3 Bg7 4. d3 d5 5. cxd5 Nxd5 6. Bg2 O-O 7. O-O
c5 8. Nbd2 Nc6 9. Rb1 e6 10. Ne4 b6 11. Bd2 Bb7 12. Nc3 Qd7 13. Nxd5 exd5 14.
Ng5 Rae8 15. Qb3 Nd4 16. Qd1 Ne6 17. Kh1 Nd4 18. Be3 Nf5 19. Bf4 h6 20. Nf3 g5
21. Bd2 Re7 22. Kg1 Rfe8 23. Bh3 d4 24. Ne1 Qd5 25. f3 Ne3 26. Bxe3 Rxe3 27. a3
b5 28. Bg2 Rxe2 29. b4 c4 30. dxc4 bxc4 31. Rc1 d3 32. Nxd3 cxd3 33. Rc5 Bd4+
34. Kh1 Bxc5 35. bxc5 d2 36. Qa4 Re1 37. h4 Rxf1+ 38. Kh2 Re2 39. Kh3 d1=Q 40.
Qxa7 Rxg2 41. Qb8+ Kg7 42. hxg5 Rh1+ 0-1

[Event "Lansing (MOR/2/37)"]
[Site "?"]
[Date "1997.??.??"]
[Round "?"]
[White "Crysler, Jerry"]
[Black "Eberle, C."]
[Result "1-0"]
[WhiteElo "1605"]
[BlackElo "1605"]
[PlyCount "55"]
[EventDate "1997.??.??"]

{2/(37)} 1. Nf3 d5 2. c4 Nf6 3. cxd5 Nxd5 4. g3 e6 5. Bg2 Bd6 6. O-O Nf6 7. e4
O-O 8. e5 Bxe5 9. Nxe5 Nc6 10. Nxc6 bxc6 11. Bxc6 Rb8 12. Nc3 Bb7 13. Bxb7 Rxb7
14. Qf3 Rb8 15. d3 Qd6 16. b3 Qd4 17. Bb2 c5 18. Na4 Qd8 19. Nxc5 Qb6 20. Rac1
Rbc8 21. Na4 Qd6 22. Rxc8 Rxc8 23. Rc1 Rd8 24. Bxf6 Re8 25. Qg4 g6 26. Qg5 Qxd3
27. Qh6 Qd8 28. Qg7# 1-0

[Event "Michigan Senior"]
[Site "Ann Arbor, MI"]
[Date "1997.??.??"]
[Round "4.10"]
[White "Crysler, Jerry"]
[Black "Brown, Ralph"]
[Result "1-0"]
[WhiteElo "1605"]
[BlackElo "1645"]
[PlyCount "69"]
[EventDate "1997.??.??"]

{4/(10)} 1. e3 b6 2. Ne2 Bb7 3. Ng3 g6 4. f3 Bg7 5. d3 c5 6. Nd2 Nc6 7. Be2 Be5
8. f4 Bc7 9. Nf3 d5 10. O-O Qd7 11. d4 h5 12. Bb5 a6 13. Bxc6 Bxc6 14. Ne5 Qd6
15. c3 h4 16. Nh1 Nf6 17. Nf2 Bb5 18. dxc5 Qxc5 19. Nfd3 Qd6 20. a4 Bd7 21.
Nxd7 Nxd7 22. Qf3 Nf6 23. Bd2 Ne4 24. Be1 Qd7 25. Nf2 f5 26. Rd1 Qc6 27. Nxe4
dxe4 28. Qe2 Qxa4 29. Bf2 Rd8 30. Ra1 Qb5 31. Qe1 a5 32. Bxh4 Qxb2 33. Bg5 Rd2
34. Qg3 Kf7 35. Rac1 $138 1-0

[Event "Lansing (MOR/6/48)"]
[Site "?"]
[Date "1997.??.??"]
[Round "?"]
[White "Crist, Kevin"]
[Black "Seppala, Travis"]
[Result "1-0"]
[WhiteElo "1605"]
[BlackElo "1605"]
[PlyCount "189"]
[EventDate "1997.??.??"]

{6/(48)} 1. e4 e5 2. Nf3 Nc6 3. Bc4 Nf6 4. Ng5 Qe7 5. Nc3 h6 6. Nxf7 Rh7 7. Nb5
Qxf7 8. Bxf7+ Kxf7 9. Nxc7 Rb8 10. d3 d6 11. Qf3 Bg4 12. Qg3 d5 13. exd5 Nd4
14. O-O Nf5 15. Qxe5 Nd6 16. f3 Bd7 17. c4 Nc8 18. Re1 Bd6 19. Qd4 Bxc7 20. c5
b6 21. c6 Bf5 22. g4 Bg6 23. Bf4 Nd6 24. Qe5 Re8 25. Qc3 Rhh8 26. b3 b5 27. Qc5
Bb6 28. Qxb6 axb6 29. Bxd6 Rxe1+ 30. Rxe1 Rd8 31. Re6 Re8 32. c7 Rc8 33. Bg3
Bxd3 34. Re3 Bb1 35. a3 Nxd5 36. Re1 Ba2 37. b4 Nxc7 38. Rc1 Bd5 39. Kf2 Bc4
40. Bxc7 Rxc7 41. f4 g5 42. f5 Rd7 43. Rc3 Rd8 44. Kg3 Rh8 45. h4 h5 46. hxg5
h4+ 47. Kh2 Be2 48. g6+ Kg7 49. Rc7+ Kf6 50. g7 Rg8 51. Kh3 Bd3 52. Kxh4 Bxf5
53. gxf5 Kxf5 54. Rf7+ Kg6 55. Rb7 Rxg7 56. Rxb6+ Kf5 57. Rxb5+ Ke6 58. Rg5
Rh7+ 59. Kg4 Ra7 60. b5 Ra4+ 61. Kh5 Rxa3 62. b6 Rb3 63. Kg4 Kd6 64. Rg6+ Kd7
65. Rg7+ Ke6 66. Rg6+ Kd5 67. Kf4 Rb4+ 68. Ke3 Re4+ 69. Kd3 Re8 70. b7 Rd8 71.
Kc3 Ke5 72. Rb6 Rb8 73. Kb4 Kd5 74. Ka5 Kc5 75. Ka6 Kd4 76. Ka7 Kc5 77. Rh6 Rd8
78. b8=Q Rxb8 79. Kxb8 Kd4 80. Kc7 Ke5 81. Kd7 Kf5 82. Ke7 Kg5 83. Rf6 Kg4 84.
Ke6 Kg5 85. Ke5 Kg4 86. Ke4 Kg5 87. Rf5+ Kg4 88. Rd5 Kg3 89. Ke3 Kg4 90. Re5
Kg3 91. Rg5+ Kh4 92. Kf4 Kh3 93. Rg4 Kh2 94. Rg3 Kh1 95. Kf3 1-0

[Event "Lansing (MOR/4/49)"]
[Site "?"]
[Date "1997.??.??"]
[Round "?"]
[White "Crist, Kevin"]
[Black "Feguer, Dan"]
[Result "1-0"]
[WhiteElo "1605"]
[BlackElo "1605"]
[PlyCount "39"]
[EventDate "1997.??.??"]

{4/(49)} 1. e4 e5 2. Nf3 Nc6 3. Bc4 h6 4. O-O Nf6 5. d4 exd4 6. Nxd4 Nxe4 7.
Re1 f5 8. Nxf5 d6 9. Rxe4+ Kd7 10. Qg4 Ne5 11. Rxe5 dxe5 12. Ne3+ Kc6 13. Qg6+
Kc5 14. Nc3 Be7 15. Ne4+ Kb4 16. Bd2+ Ka4 17. Nc3+ Ka5 18. Ncd5+ Bb4 19. Bxb4+
Ka4 20. Qd3 1-0

[Event "Lansing (MOR/1b/12)"]
[Site "?"]
[Date "1997.??.??"]
[Round "?"]
[White "Crist, Kevin"]
[Black "Distefano, R."]
[Result "0-1"]
[WhiteElo "1605"]
[BlackElo "1630"]
[PlyCount "118"]
[EventDate "1997.??.??"]

1. d4 d5 2. e3 Bf5 3. Bd3 Bxd3 4. Qxd3 Nf6 5. Nc3 e6 6. Nge2 Nbd7 7. a3 c5 8.
O-O Be7 9. Nf4 O-O 10. g3 Rc8 11. b3 a6 12. Nce2 Qc7 13. c4 dxc4 14. bxc4 cxd4
15. exd4 Qxc4 16. Qxc4 Rxc4 17. Be3 Rfc8 18. Kg2 Rc2 19. Rfd1 h6 20. h3 g5 21.
Rd2 Rxd2 22. Bxd2 gxf4 23. Bxf4 Rc2 24. Kf1 Kh7 25. Nc1 Nd5 26. Nd3 Nxf4 27.
Nxf4 Bg5 28. Nd3 Bf6 29. Ne1 Rd2 30. Nf3 Bxd4 31. Nxd4 Rxd4 32. Rb1 Nc5 33. Rc1
b6 34. Ke2 Kg6 35. g4 Kg5 36. f3 Kf4 37. Rc3 Rd3 38. Rc4+ Kg3 39. f4 Rxa3 40.
g5 hxg5 41. fxg5 Kxh3 42. Rf4 Rg3 43. Rxf7 Rxg5 44. Rf3+ Rg3 45. Rf4 a5 46. Kd2
a4 47. Kc2 a3 48. Kb1 b5 49. Ka2 b4 50. Rxb4 Nd3 51. Rb6 Nf4 52. Rb4 e5 53. Re4
Ng6 54. Re2 Rg2 55. Rxg2 Kxg2 56. Kxa3 e4 57. Kb3 e3 58. Kc2 Kf2 59. Kd1 e2+
0-1

[Event "Tecumseh (RVO/2/21)"]
[Site "?"]
[Date "1997.??.??"]
[Round "?"]
[White "Crawford, Brandon"]
[Black "McNair, Shawn"]
[Result "0-1"]
[WhiteElo "1605"]
[BlackElo "1605"]
[PlyCount "86"]
[EventDate "1997.??.??"]

{2/(21)} 1. d4 Nf6 2. Nf3 d5 3. e3 Bg4 4. Nbd2 e6 5. Bd3 Bd6 6. O-O Nbd7 7. c4
c5 8. e4 dxe4 9. Nxe4 Nxe4 10. Bxe4 Qc7 11. Re1 Bxh2+ 12. Kh1 Bd6 13. Qd3 Nf6
14. d5 Nxe4 15. Qxe4 Bxf3 16. Qxf3 e5 17. Bf4 O-O 18. Bd2 Rfe8 19. Re4 Qd7 20.
Qd3 Qf5 21. f3 Be7 22. g4 Qd7 23. Rxe5 Bf6 24. Rxe8+ Rxe8 25. Kg2 Bxb2 26. Rh1
g6 27. Be3 b6 28. Bg5 Be5 29. f4 Qxg4+ 30. Qg3 Qe2+ 31. Qf2 Bd6 32. Qxe2 Rxe2+
33. Kf3 Rxa2 34. Bf6 Ra3+ 35. Kg4 h5+ 36. Kg5 Rg3+ 37. Kh4 Rg4+ 38. Kh3 Rxf4
39. Bg5 Rxc4 40. Re1 Rc3+ 41. Be3 Bf4 42. Rd1 Rxe3+ 43. Kg2 Bd6 0-1

[Event "Tecumseh (RVO/4/17)"]
[Site "?"]
[Date "1997.??.??"]
[Round "?"]
[White "Crawford, Brandon"]
[Black "Grant, Marco"]
[Result "0-1"]
[WhiteElo "1605"]
[BlackElo "1605"]
[PlyCount "142"]
[EventDate "1997.??.??"]

{4/(17)} 1. b4 e5 2. a3 d5 3. Bb2 Bd6 4. e3 f6 5. Nf3 Nd7 6. g3 Qe7 7. Bg2 Nf8
8. O-O Bg4 9. Re1 O-O-O 10. d3 Ne6 11. Nbd2 f5 12. Qc1 e4 13. Ne5 Bxe5 14. Bxe5
Ng5 15. d4 Nf7 16. Bxg7 h5 17. Bxh8 Nxh8 18. h3 Bf3 19. Bxf3 exf3 20. Nxf3 Ng6
21. c4 Nf6 22. Qc2 Ne4 23. b5 a5 24. c5 Rg8 25. Kh2 h4 26. Rg1 hxg3+ 27. fxg3
Qh7 28. Rg2 Rh8 29. h4 Qh5 30. Rf1 Nf6 31. Kg1 Ng4 32. Nh2 Nxe3 33. Qe2 Qxe2
34. Rxe2 Nxf1 35. Nxf1 f4 36. gxf4 Nxf4 37. Rh2 Ne6 38. Ne3 Nxd4 39. a4 Nf3+
40. Kg2 Nxh2 41. Kxh2 Rxh4+ 42. Kg3 Rxa4 43. Nxd5 Kd7 44. Nf6+ Ke6 45. Ne8 Kd7
46. Nf6+ Kd8 47. Nd5 Rc4 48. b6 c6 49. Ne3 Rc3 50. Kf2 Rxe3 51. Kxe3 Ke7 52.
Kd4 Ke6 53. Kc4 Ke5 54. Kb3 Kd5 55. Ka4 Kxc5 56. Kxa5 Kd5 57. Kb4 c5+ 58. Kc3
Kc6 59. Kb3 Kxb6 60. Kc4 Kc6 61. Kb3 b5 62. Kc3 Kd5 63. Kc2 Kd4 64. Kd2 b4 65.
Kc2 c4 66. Kb2 Kd3 67. Kc1 c3 68. Kd1 b3 69. Kc1 Ke2 70. Kb1 Kd1 71. Ka1 c2 0-1

[Event "Tecumseh (RVO/5/10)"]
[Site "?"]
[Date "1997.??.??"]
[Round "?"]
[White "Crawford, Brandon"]
[Black "Gentry, Bronson"]
[Result "0-1"]
[WhiteElo "1605"]
[BlackElo "1705"]
[PlyCount "46"]
[EventDate "1997.??.??"]

{5/(10)} 1. e4 c5 2. Nf3 Nc6 3. d4 cxd4 4. Nxd4 e6 5. f4 Bc5 6. Nf3 Qb6 7. Nc3
Bf2+ 8. Ke2 Bc5 9. Bd2 Nf6 10. h3 O-O 11. Rb1 Nh5 12. Be1 Nxf4+ 13. Kd2 f5 14.
Kc1 Qc7 15. b3 Ba3+ 16. Kd2 fxe4 17. Nb5 Qa5+ 18. Ke3 Bc5+ 19. Nfd4 Nd5+ 20.
Ke2 Qxa2 21. Ra1 Qb2 22. Bf2 Nxd4+ 23. Nxd4 Nc3+ 0-1

[Event "Lansing (MOR/3/29)"]
[Site "?"]
[Date "1997.??.??"]
[Round "?"]
[White "Cowans, Winston"]
[Black "Scioly, Tony"]
[Result "0-1"]
[WhiteElo "1605"]
[BlackElo "1605"]
[PlyCount "62"]
[EventDate "1997.??.??"]

{3/(29)} 1. Nf3 Nf6 2. g3 c5 3. Bg2 Nc6 4. b3 d5 5. Bb2 e6 6. O-O Be7 7. d3 O-O
8. Nbd2 b5 9. Re1 Bb7 10. e4 dxe4 11. dxe4 Qb6 12. e5 Nd5 13. c4 Ndb4 14. Ne4
Rad8 15. Nd6 Nxe5 16. Bxe5 Bxd6 17. Qe2 Bxf3 18. Qxf3 Nc2 19. Qg4 Bxe5 20. Rxe5
Nxa1 21. Be4 f5 22. Qh4 fxe4 23. Rh5 h6 24. Qxe4 Rd2 25. Qg4 Rf6 26. Qe4 Qd8
27. Kg2 Rfxf2+ 28. Kg1 Rfe2 29. Qf3 Rd1+ 30. Qf1 Rxf1+ 31. Kxf1 Qd1# 0-1

[Event "Lansing (MOR/2/46)"]
[Site "?"]
[Date "1997.??.??"]
[Round "?"]
[White "Cowans, Winston"]
[Black "Hall, E."]
[Result "1-0"]
[WhiteElo "1605"]
[BlackElo "1605"]
[PlyCount "47"]
[EventDate "1997.??.??"]

{2/(46)} 1. Nf3 Nc6 2. g3 e5 3. d3 Nf6 4. Nbd2 Bb4 5. c3 Ba5 6. b4 Bb6 7. b5
Na5 8. Nxe5 O-O 9. Bg2 d6 10. Nec4 d5 11. Nxb6 axb6 12. O-O c6 13. a4 Re8 14.
Bb2 Bd7 15. Re1 cxb5 16. axb5 Bxb5 17. Nb3 Nxb3 18. Rxa8 Qxa8 19. Qxb3 Bxd3 20.
Bxd5 Nxd5 21. Qxd5 Rxe2 22. Rxe2 Bxe2 23. c4 Qa6 24. Qd8# 1-0

[Event "Michigan Team"]
[Site "Ann Arbor, MI"]
[Date "1997.??.??"]
[Round "1.14"]
[White "Coleman, John"]
[Black "Smalec, Joseph"]
[Result "1-0"]
[WhiteElo "1965"]
[BlackElo "1605"]
[PlyCount "41"]
[EventDate "1997.??.??"]

{1/1} 1. d4 d5 2. c4 c6 3. Nc3 Bf5 4. cxd5 cxd5 5. Qb3 Qd7 6. Qxd5 Nf6 7. Qxd7+
Nbxd7 8. f3 e6 9. e4 Bg6 10. a3 Rc8 11. Nh3 Be7 12. Nf4 Nb6 13. Bb5+ Nfd7 14.
O-O a6 15. Be2 O-O 16. Nxg6 fxg6 17. Be3 Nc4 18. Bxc4 Rxc4 19. Rac1 e5 20. Nd5
Bg5 21. Rxc4 1-0

[Event "Tecumseh (RVO/2/8)"]
[Site "?"]
[Date "1997.??.??"]
[Round "?"]
[White "Cole, J."]
[Black "Smeckert, Dennis"]
[Result "1-0"]
[WhiteElo "1820"]
[BlackElo "1605"]
[PlyCount "60"]
[EventDate "1997.??.??"]

{2/(8)} 1. e4 e5 2. Nf3 Nc6 3. Bb5 Bc5 4. O-O d6 5. c3 Bd7 6. d4 exd4 7. cxd4
Bb6 8. Nc3 Nce7 9. Bd3 Bg4 10. Be3 Qd7 11. Re1 h5 12. Qe2 Bxf3 13. Qxf3 Qg4 14.
Qxg4 hxg4 15. Be2 g3 16. hxg3 Nh6 17. f4 O-O-O 18. g4 f5 19. gxf5 Kb8 20. g4 a6
21. Bf3 Rh7 22. Kg2 d5 23. e5 Nexf5 24. gxf5 Nxf5 25. Bf2 Rdh8 26. Rh1 Bxd4 27.
Bxd4 Nxd4 28. Kf2 g5 29. f5 Nxf5 30. Rxh7 Rxh7 1-0